Tol 10 Longest Movies of All Time - Statistics

General Stats
  • This quiz has been taken 11 times
  • The average score is 3 of 10
Answer Stats
Duration Movie Name % Correct
238 mins Gone with the wind
60%
209 mins The Irishman
40%
201 mins The Lord of the Rings: The Return of the King
40%
202 mins Apocalypse Now
30%
216 mins Lawrence of Arabia
30%
200 mins The Godfather: Part II
30%
212 mins Ben Hur
20%
229 mins Once upon a time in America
20%
248 mins Cleopatra
10%
197 mins Spartacus
0%
No matching quizzes found
Score Distribution
Percent of People with Each Score
Percentile by Number Answered
Your Score History
You have not taken this quiz